000 00801nam a2200253Ia 4500
003 OSt
005 20220923222747.0
006 a|||||r|||| 00| 0
007 ta
008 220922b |||||||| |||| 00| 0 hin d
024 _a207,499
037 _cTextual
040 _aARTS
_cARTS
_bhin
041 _2hin
_ahin
082 _aO152,3MJH,FK, M6
100 _aकृपाकांत झा
245 0 _aफारस का मूर्तिकार
246 _aFāras kā mūrtikāra
260 _aनई दिल्ली
_b इतिहास शोध संस्थान
_c1986
300 _a91 पृ.
_ccm.
650 _aहिन्दी कहानी
942 _hO152,3MJH,FK, M6
_cTEXL
_2CC
999 _c358116
_d358116